000 00332nam a2200133Ia 4500
008 150301s2015 xx 000 0 und d
082 _a615.19
_bP13B
100 _aBHUSARI, KP
245 _aPHARMACEUTICAL QUALITY ASSURANCE & MANAGEMENT
260 _bPHARMA MED PRESS
300 _a562
650 _aPHARMACEUTICS
942 _2ddc
_cBK
999 _c7376
_d7376